Missing Word: Artists With Top 10 Hits: B Quiz Stats

 Plays Quiz Updated Feb 18, 2018

Score 0/24 Timer 04:00
0 Plays Today
Name Missing Word % Correct
Jon _____ JoviBon
94.6%
_____ SpearsBritney
88.5%
Mary J. _____Blige
88.1%
_____ BoysBackstreet
77.8%
Toni _____Braxton
76.7%
Bobby _____Brown
76%
Michael _____Bolton
65.6%
Lou _____Bega
64.6%
James _____Blunt
61%
The Gin _____Blossoms
54.4%
Sara _____Bareilles
35.1%
Mr. _____Big
33.7%
Name Missing Word % Correct
_____ SparxxxBubba
28.3%
_____ BoxBlack
27.5%
_____ ClubBoys
26.1%
Daniel _____Bedingfield
21.9%
Bo _____Bice
21.3%
69 _____Boyz
20%
La _____Bouche
15.2%
Da _____Brat
14.3%
Baby _____Bash
10.8%
William _____Bell
8.6%
David _____Banner
6.4%
B-Rock and the _____Bizz
3.5%

Today's Daily Dose

You're not logged in!

Compare scores with friends on all Sporcle quizzes.
OR
Log In

You Might Also Like...

Show Comments

Extras

Top Quizzes Today


Score Distribution

Your Account Isn't Verified!

In order to create a playlist on Sporcle, you need to verify the email address you used during registration. Go to your Sporcle Settings to finish the process.

Report this User

Report this user for behavior that violates our Community Guidelines.

Details: